[Event "Dubai op 21st"]
[Site "Dubai"]
[Date "2019.04.02"]
[Round "2"]
[White "Mendonca, Leon Luke"]
[Black "Ravindra, Dange"]
[Result "1-0"]
[WhiteElo "2446"]
[BlackElo "1598"]
[PlyCount "95"]
[EventDate "2019.04.01"]
[EventType "swiss"]
[EventRounds "9"]
[EventCountry "UAE"]
[SourceTitle "CBM 189 Extra"]
[Source "ChessBase"]
[SourceDate "2019.06.03"]
[SourceVersion "1"]
[SourceVersionDate "2019.06.03"]
[SourceQuality "1"]

1. d4 d5 2. c4 c6 3. Nf3 Nf6 4. g3 g6 5. Qa4 Nbd7 6. cxd5 cxd5 7. Bg2 Bg7 8. 0-0 0-0 9. Nc3 a6 10. Qb3 e6 11. Bf4 Re8 12. Rfc1 Nb6 13. Nb5 axb5 14. Bc7 Qe7 15. Bxb6 Bd7 16. Bc5 Qd8 17. Ne5 Qa5 18. Bb4 Qa4 19. Qxa4 Rxa4 20. a3 Rea8 21. e3 Be8 22. Bf1 Ne4 23. f3 Ng5 24. Kf2 Bxe5 25. dxe5 h5 26. Rab1 R4a6 27. Rc7 Bc6 28. Rc1 Nh7 29. Bd3 Nf8 30. h4 Rd8 31. g4 hxg4 32. f4 Raa8 33. Rg1 Rd7 34. Rxd7 Nxd7 35. Rxg4 Kh7 36. h5 Rg8 37. hxg6+ fxg6 38. Rg1 Kh6 39. Kg3 Nb6 40. b3 Na8 41. Kg4 Nc7 42. Be7 Ne8 43. Bf6 Ng7 44. Bg5+ Kh7 45. Rh1+ Nh5 46. Rxh5+ Kg7 47. Bf6+ Kf7 48. Rh7+ 1-0

[Event "New Delhi Parsvnath op 10th"]
[Site "New Delhi"]
[Date "2012.01.15"]
[Round "1"]
[White "Thipsay, Praveen Mahadeo"]
[Black "Ravindra, Dange"]
[Result "1-0"]
[WhiteElo "2435"]
[BlackElo "1732"]
[PlyCount "59"]
[EventDate "2012.01.15"]
[EventType "swiss"]
[EventRounds "11"]
[EventCountry "IND"]
[SourceTitle "CBM 146 Extra"]
[Source "ChessBase"]
[SourceDate "2012.02.29"]
[SourceVersion "1"]
[SourceVersionDate "2012.02.29"]
[SourceQuality "1"]

1. e4 c5 2. Nf3 Nc6 3. Nc3 e6 4. d4 cxd4 5. Nxd4 a6 6. Be2 Be7 7. Be3 b5 8. Nxc6 dxc6 9. Qxd8+ Bxd8 10. e5 Ba5 11. a4 Bb7 12. 0-0 Bxc3 13. bxc3 Ne7 14. c4 b4 15. a5 c5 16. Bxc5 Nc6 17. f4 0-0-0 18. Bd6 Nd4 19. Bd3 b3 20. c3 Nf5 21. Bxf5 exf5 22. Rfb1 Rhg8 23. Rxb3 Be4 24. Rd1 Bc2 25. Rb8+ Kd7 26. Rb7+ Kc8 27. Rc7+ Kb8 28. Rd2 Be4 29. Rb2+ Ka8 30. Bc5 1-0

[Event "New Delhi Parsvnath op 7th"]
[Site "New Delhi"]
[Date "2009.01.11"]
[Round "1"]
[White "Das, Arghyadip"]
[Black "Ravindra, Dange"]
[Result "1-0"]
[WhiteElo "2404"]
[BlackElo "1814"]
[PlyCount "55"]
[EventDate "2009.01.11"]
[EventType "swiss"]
[EventRounds "10"]
[EventCountry "IND"]
[SourceTitle "CBM 128 Extra"]
[Source "ChessBase"]
[SourceDate "2009.03.05"]
[SourceVersion "2"]
[SourceVersionDate "2009.03.25"]
[SourceQuality "1"]

1. e4 c5 2. Nf3 Nc6 3. d4 cxd4 4. Nxd4 e5 5. Nb5 d6 6. N5c3 a6 7. Na3 Be6 8. Nc4 Nd4 9. Nd5 f5 10. c3 fxe4 11. Ncb6 Bxd5 12. Nxa8 Qxa8 13. cxd4 exd4 14. Qxd4 Bc6 15. Bf4 Qd8 16. 0-0-0 d5 17. f3 Qf6 18. Be5 Qh6+ 19. Kb1 Nf6 20. Ka1 Rg8 21. Be2 Be7 22. g4 Nd7 23. fxe4 Nxe5 24. Qxe5 Qe3 25. Bd3 dxe4 26. Bxe4 Qg5 27. Qb8+ Bd8 28. Rxd8+ 1-0